| 000 | 00613nam a2200229Ia 4500 | ||
|---|---|---|---|
| 003 | OSt | ||
| 005 | 20221007080944.0 | ||
| 006 | a|||||r|||| 00| 0 | ||
| 007 | ta | ||
| 008 | 221006b |||||||| |||| 00| 0 eng d | ||
| 024 | _a10,579 | ||
| 037 | _cTextual | ||
| 040 |
_aFLL _cFLL _beng |
||
| 041 |
_2eng _aeng |
||
| 082 | _aLoaZ:91, K6 | ||
| 245 | 0 | _aMedicial malpractice cases and annotations form AIR 2d | |
| 260 |
_aNew York _bLawyers co-operative publishing company New _c1966 |
||
| 300 |
_a802p _ccm. |
||
| 490 | _vVol.3 | ||
| 942 |
_hLoaZ:91, K6 _cTEXL _2CC |
||
| 999 |
_c1161476 _d1161476 |
||